000 00402nam a22001697a 4500
003 MPLRDC
005 20220104113940.0
008 210129b ||||| |||| 00| 0 eng d
082 _a848.2 ZXF-8
100 _a张晓风著
245 _a地毯的那一端
_c
260 _a
_b大林出版社
_c1984
300 _b
490 _a大林文库;3
650 _a现代别集
942 _cBK
_o848.2 ZXF-8
999 _c3617
_d3607